|
|
|
|
| LEADER |
00613cam a2200157 7i4500 |
| 001 |
0000008819 |
| 005 |
20010307090000.0 |
| 090 |
0 |
0 |
|a CD-ROM 166
|b TRA
|
| 245 |
0 |
0 |
|a TRAINS :
|b trade analysis and information system, Spring 2000 [
|m electronic resources].
|
| 260 |
0 |
0 |
|a Geneva:
|b United Nations Conference on Trade and Development (UNCTAD),
|c 2000.
|
| 300 |
# |
# |
|a Electronic computer optical disc (CD-ROM).
|
| 650 |
0 |
0 |
|a Generalized system of preferences (GSP)
|
| 650 |
0 |
0 |
|a Tariff measures
|
| 650 |
0 |
0 |
|a Non-tariff measures
|
| 650 |
0 |
0 |
|a Para-tariff measures
|
| 999 |
|
|
|a 0000012174
|b CD-ROM
|c AV Collection
|e Business Information Centre
|